[Event "zonal 1.4 (w)"]
[Site "Ostrava CZE"]
[Date "1999.05.24"]
[Round "3"]
[White "Dworakowska, Joanna"]
[Black "Cosma, Elena-Luminita"]
[Result "1-0"]
[WhiteElo "2323"]
[BlackElo "2365"]
[EventDate "1999.05.22"]
[PlyCount "71"]

1.e4 c5 2.Nc3 Nc6 3.g3 g6 4.Bg2 Bg7 5.d3 d6 6.Nh3 Nf6 7.O-O O-O 8.f4 Nd4 
9.Be3 Rb8 10.Nf2 b5 11.Qd2 Ne8 12.Rae1 b4 13.Ncd1 Qa5 14.a3 Nc7 15.f5 Qa4 
16.Bxd4 Bxd4 17.axb4 cxb4 18.Kh1 Bg7 19.Ng4 h5 20.Nge3 Bd7 21.Nc4 Kh7 22.
g4 hxg4 23.Nde3 g3 24.hxg3 Rh8 25.Kg1 Kg8 26.fxg6 fxg6 27.e5 Qb5 28.Ra1 
Bc6 29.Ra5 Qb7 30.exd6 Ne8 31.dxe7 Bd4 32.Rg5 Qxe7 33.Rxg6+ Kh7 34.Rxc6 
Ng7 35.Be4+ Kg8 36.Bd5+ 1-0

[Event "zonal 1.4 (w)"]
[Site "Ostrava CZE"]
[Date "1999.05.24"]
[Round "3"]
[White "Foisor, Cristina"]
[Black "Grabics, Monika"]
[Result "1-0"]
[WhiteElo "2370"]
[BlackElo "2310"]
[EventDate "1999.05.22"]
[PlyCount "101"]

1.Nf3 Nf6 2.g3 g6 3.b3 Bg7 4.Bb2 d6 5.d4 e5 6.dxe5 Nfd7 7.c4 dxe5 8.Nc3 
O-O 9.Bg2 Nc6 10.O-O Re8 11.Ne1 Nc5 12.Bxc6 bxc6 13.Qxd8 Rxd8 14.Ng2 e4 
15.Rfd1 Bg4 16.Kf1 Ne6 17.Ne3 Bh3+ 18.Ke1 f5 19.Rxd8+ Rxd8 20.Rd1 Nd4 21.
Rd2 g5 22.Na4 f4 23.gxf4 gxf4 24.Nd5 cxd5 25.Bxd4 e3 26.fxe3 fxe3 27.Bxe3 
d4 28.Bf2 Rf8 29.Rd3 Bf5 30.Rf3 Bb1 31.Rxf8+ Bxf8 32.Kd1 c5 33.Bg3 h5 34.
Nb2 a5 35.a4 Bf5 36.Nd3 Kg7 37.Ke1 Kg6 38.Bc7 h4 39.Kf2 Kg5 40.Ne1 Kg4 41.
Nd3 Kg5 42.Bxa5 Bd6 43.Kg1 Bg4 44.Nf2 Bf5 45.Bb6 Kf4 46.a5 Ke3 47.Kf1 Bc8 
48.Bd8 Bxh2 49.a6 Bb8 50.a7 Bh3+ 51.Ke1 1-0

[Event "zonal 1.4 (w)"]
[Site "Ostrava CZE"]
[Date "1999.05.24"]
[Round "3"]
[White "Zielinska, Marta"]
[Black "Vajda, Szidonia"]
[Result "1-0"]
[WhiteElo "2327"]
[BlackElo "2340"]
[EventDate "1999.05.22"]
[PlyCount "85"]

1.d4 d5 2.Nf3 Nf6 3.c4 e6 4.Nc3 dxc4 5.e3 c5 6.Bxc4 Nc6 7.O-O cxd4 8.exd4 
Be7 9.Qe2 O-O 10.Rd1 Nb4 11.Bg5 a6 12.Ne5 b5 13.Bb3 Bb7 14.Rac1 Nfd5 15.
Bd2 Rc8 16.Ne4 Nc6 17.Qd3 Nf6 18.Nxf7 Qxd4 19.Bxe6 Qxd3 20.Nxf6+ Bxf6 21.
Ne5+ Kh8 22.Nxd3 Rcd8 23.Nc5 Ba8 24.Bc3 Nd4 25.Kf1 Rd6 26.Nb3 Rxe6 27.Bxd4
Bxd4 28.Rxd4 Rg6 29.f3 Rh6 30.Rcd1 Kg8 31.Rd8 Bc6 32.h3 Be8 33.R1d6 b4 34.
Kf2 Rxd6 35.Rxd6 Bb5 36.Nd4 Ra8 37.Rb6 Rd8 38.Ke3 Rd5 39.g4 h5 40.f4 hxg4 
41.hxg4 Kh7 42.Rb7 Kg6 43.Ke4 1-0

[Event "zonal 1.4 (w)"]
[Site "Ostrava CZE"]
[Date "1999.05.24"]
[Round "3"]
[White "Voiska, Margarita"]
[Black "Hagarova, Zuzana"]
[Result "1/2-1/2"]
[WhiteElo "2364"]
[BlackElo "2297"]
[EventDate "1999.05.22"]
[PlyCount "83"]

1.c4 g6 2.Nc3 Bg7 3.g3 d6 4.Bg2 e5 5.Nf3 Nc6 6.Rb1 f5 7.b4 e4 8.Ng1 Be6 9.
Nd5 Nge7 10.b5 Ne5 11.Nf4 Bxc4 12.d3 exd3 13.exd3 Bf7 14.Nf3 Nxf3+ 15.Bxf3
O-O 16.O-O Qd7 17.a4 c6 18.Bb2 Rac8 19.Bxg7 Kxg7 20.Qe2 Nd5 21.bxc6 bxc6 
22.Bxd5 Bxd5 23.Nxd5 cxd5 24.Qb2+ Kg8 25.Qd4 Rc5 26.Rfe1 f4 27.Kh1 Qf7 28.
Qxf4 Qxf4 29.gxf4 Rxf4 30.Re7 Rxf2 31.Rb8+ Rf8 32.Rbb7 Rf2 33.Kg1 Rcc2 34.
Rg7+ Kf8 35.Rxh7 Rg2+ 36.Kh1 Kg8 37.Rbg7+ Kf8 38.Rxa7 Kg8 39.Rag7+ Kf8 40.
Rb7 Kg8 41.Rbg7+ Kf8 42.Rb7 1/2-1/2

[Event "zonal 1.4 (w)"]
[Site "Ostrava CZE"]
[Date "1999.05.24"]
[Round "3"]
[White "Jicman, Ligia-Letitia"]
[Black "Madl, Ildiko"]
[Result "1/2-1/2"]
[WhiteElo "2236"]
[BlackElo "2409"]
[EventDate "1999.05.22"]
[PlyCount "173"]

1.e4 c5 2.c3 d5 3.exd5 Qxd5 4.d4 Nf6 5.Nf3 Bg4 6.Be2 e6 7.O-O Nc6 8.h3 Bh5
9.a3 cxd4 10.cxd4 Be7 11.Nc3 Qd6 12.Be3 O-O 13.Qb3 a6 14.Rfd1 Rfd8 15.Rac1
Rab8 16.Na4 Qd5 17.Qxd5 Nxd5 18.Nc5 Bxc5 19.dxc5 Nxe3 20.fxe3 Kf8 21.Kf2 
Ke7 22.b4 e5 23.Nd2 Bxe2 24.Kxe2 Ke6 25.Nc4 Rxd1 26.Rxd1 Rd8 27.Rxd8 Nxd8 
28.a4 f5 29.Kd3 g5 30.b5 axb5 31.axb5 Kd5 32.b6 e4+ 33.Kc3 Kxc5 34.Ne5 Ne6
35.Nd7+ Kc6 36.Nf6 Kxb6 37.g4 f4 38.exf4 gxf4 39.Nxe4 Kc6 40.g5 f3 41.h4 
Nc5 42.Nf2 Kd5 43.h5 Ne4+ 44.Nxe4 Kxe4 45.g6 f2 46.g7 f1=Q 47.g8=Q Qd3+ 
48.Kb2 Qd4+ 49.Kc2 Qc5+ 50.Kb2 Qb5+ 51.Kc1 Qc6+ 52.Kb2 h6 53.Qg6+ Ke5 54.
Qf7 b6 55.Qf8 Qf6 56.Qg8 Kf5+ 57.Ka3 Qd6+ 58.Kb2 Qe6 59.Qg2 Qe5+ 60.Ka3 
Qc3+ 61.Ka4 Qa1+ 62.Kb3 Qb1+ 63.Ka3 Qd3+ 64.Kb2 Qe3 65.Qg6+ Ke5 66.Qe8+ 
Kf4 67.Qg6 Kf3 68.Kc2 Kf2 69.Kb2 Ke2 70.Qg2+ Kd3 71.Qc2+ Kd4 72.Qg6 Kd5 
73.Qf7+ Kc6 74.Qc4+ Kd6 75.Qg4 b5 76.Qg6+ Qe6 77.Qd3+ Kc5 78.Qg6 Qe2+ 79.
Kb3 Qf3+ 80.Kb2 Qf4 81.Qc2+ Kb6 82.Qg6+ Ka5 83.Kb3 b4 84.Qe8 Qf3+ 85.Kb2 
Qc3+ 86.Kb1 b3 87.Qb5+ 1/2-1/2

[Event "zonal 1.4 (w)"]
[Site "Ostrava CZE"]
[Date "1999.05.24"]
[Round "3"]
[White "Saljova, Silvie"]
[Black "Genova, Ruzhka"]
[Result "1/2-1/2"]
[WhiteElo "2212"]
[BlackElo "2238"]
[EventDate "1999.05.22"]
[PlyCount "102"]

1.d4 Nf6 2.Nf3 g6 3.c4 Bg7 4.Nc3 d5 5.Bf4 O-O 6.Rc1 dxc4 7.e4 c5 8.dxc5 
Qa5 9.Nd2 Be6 10.Bxc4 Bxc4 11.Nxc4 Qxc5 12.Nd2 Qb4 13.a3 Qb6 14.O-O Nc6 
15.e5 Nd7 16.Nc4 Qd8 17.Qe1 Nc5 18.Rd1 Qc8 19.Qe3 Ne6 20.Bg3 Rd8 21.Rxd8+ 
Qxd8 22.Rd1 Qe8 23.Rd5 Rd8 24.Qd2 Ned4 25.Kf1 Rxd5 26.Nxd5 Qd7 27.Nce3 Qe6
28.f4 g5 29.Qd1 gxf4 30.Bxf4 Nf5 31.Qf3 Nxe3+ 32.Nxe3 Qg6 33.Nc4 Qb1+ 34.
Kf2 Qc2+ 35.Qe2 Qxe2+ 36.Kxe2 b5 37.Ne3 Nxe5 38.Nd5 Nc6 39.Nc7 Bxb2 40.
Nxb5 Nd4+ 41.Nxd4 Bxd4 42.Kd3 e5 43.Ke4 Bb2 44.Be3 a6 45.Bc5 f6 46.Kf5 Kf7
47.a4 Bc3 48.Bb6 Bb4 49.Bd8 Be7 50.Bb6 Bb4 51.Bd8 Be7 1/2-1/2

[Event "zonal 1.4 (w)"]
[Site "Ostrava CZE"]
[Date "1999.05.24"]
[Round "3"]
[White "Cedikova, Katerina"]
[Black "Lakos, Nikoletta"]
[Result "0-1"]
[WhiteElo "2082"]
[BlackElo "2350"]
[EventDate "1999.05.22"]
[PlyCount "110"]

1.d4 Nf6 2.c4 e6 3.Nf3 b6 4.g3 Ba6 5.b3 Bb7 6.Bg2 Bb4+ 7.Bd2 a5 8.O-O O-O 
9.Nc3 d6 10.Qc2 Nbd7 11.Rfe1 Bxc3 12.Bxc3 Be4 13.Qb2 c6 14.Bf1 b5 15.Nd2 
b4 16.Nxe4 Nxe4 17.Bd2 Qf6 18.Be3 d5 19.Bg2 Nc3 20.Rac1 Rac8 21.Qd2 h6 22.
Rc2 Rfd8 23.c5 Nb5 24.Bh3 Qg6 25.Rcc1 Ra8 26.Bf4 Qf6 27.Be3 Qg6 28.Bf4 Nf6
29.f3 Nd7 30.Kh1 Qf6 31.Be3 Qg6 32.Bf4 Qh5 33.Bg4 Qg6 34.Bh3 Ra7 35.Rf1 
Qh5 36.Bg4 Qg6 37.Bh3 Re8 38.Rfe1 Rd8 39.Rf1 Qf6 40.Be3 Qg6 41.Bf4 Re8 42.
Rfe1 Qf6 43.Rcd1 Nc3 44.Ra1 Nb5 45.Rad1 Rea8 46.Be3 Nc3 47.Rc1 a4 48.a3 
axb3 49.axb4 Nb5 50.Rb1 Ra2 51.Rb2 Qg6 52.Qc1 Rxb2 53.Qxb2 Ra2 54.Qb1 Qxb1
55.Rxb1 b2 0-1

[Event "zonal 1.4 (w)"]
[Site "Ostrava CZE"]
[Date "1999.05.24"]
[Round "3"]
[White "Pokorna, Regina"]
[Black "Sikorova, Olga"]
[Result "1/2-1/2"]
[WhiteElo "2196"]
[BlackElo "2216"]
[EventDate "1999.05.22"]
[PlyCount "53"]

1.e4 d5 2.exd5 Nf6 3.Bb5+ Bd7 4.Be2 Nxd5 5.d4 c5 6.Bf3 cxd4 7.Bxd5 Qa5+ 8.
Nc3 dxc3 9.b4 Qc7 10.Qf3 e6 11.Bf4 Bd6 12.Bxd6 Qxd6 13.Bxb7 Bc6 14.Bxc6+ 
Nxc6 15.Rd1 Qe5+ 16.Ne2 Rc8 17.a3 O-O 18.Rd3 a5 19.bxa5 Qxa5 20.Qh3 Qxa3 
21.O-O Nb4 22.Rg3 Nd5 23.Qh6 g6 24.Rh3 Nf6 25.Qg5 Qe7 26.Nxc3 Rfe8 27.Qh4 
1/2-1/2

[Event "zonal 1.4 (w)"]
[Site "Ostrava CZE"]
[Date "1999.05.24"]
[Round "3"]
[White "Jackova, Jana"]
[Black "Ciganikova, Andrea"]
[Result "1-0"]
[WhiteElo "2202"]
[BlackElo "2139"]
[EventDate "1999.05.22"]
[PlyCount "79"]

1.e4 c5 2.Nf3 Nc6 3.d4 cxd4 4.Nxd4 Nf6 5.Nc3 e5 6.Ndb5 d6 7.Bg5 a6 8.Na3 
b5 9.Bxf6 gxf6 10.Nd5 Bg7 11.c3 f5 12.exf5 Bxf5 13.Nc2 Be6 14.g3 O-O 15.
Bg2 Rb8 16.Qe2 a5 17.O-O Ne7 18.Rfd1 Nxd5 19.Bxd5 Qb6 20.Ne3 Rfd8 21.Qh5 
Qc7 22.Rd2 b4 23.c4 a4 24.b3 a3 25.Rad1 h6 26.g4 Qe7 27.Kg2 Bf6 28.Bxe6 
fxe6 29.Qxh6 Bg5 30.Qg6+ Kh8 31.Rd3 Rd7 32.Nf1 Qg7 33.Qxg7+ Kxg7 34.Rxd6 
Rf7 35.Rd7 Rf8 36.Ng3 Kg6 37.Rxf7 Rxf7 38.Rd6 Rf4 39.Rxe6+ Kf7 40.Rxe5 1-0

[Event "zonal 1.4 (w)"]
[Site "Ostrava CZE"]
[Date "1999.05.24"]
[Round "3"]
[White "Goczo, Melinda"]
[Black "Dojkova, Galina"]
[Result "1/2-1/2"]
[WhiteElo "2191"]
[BlackElo "2131"]
[EventDate "1999.05.22"]
[PlyCount "153"]

1.d4 e6 2.c4 Nf6 3.Nf3 b6 4.g3 Bb7 5.Bg2 Be7 6.O-O O-O 7.Nc3 Ne4 8.Bd2 Bf6
9.Rc1 d6 10.d5 Bxc3 11.Bxc3 Nxc3 12.Rxc3 e5 13.b4 Nd7 14.Qb1 a5 15.a3 axb4
16.axb4 Ra4 17.Rd1 Qa8 18.Ng5 g6 19.Be4 Nf6 20.Bc2 Ra3 21.Rxa3 Qxa3 22.Rd3
Qa6 23.Rf3 Kg7 24.Rxf6 Kxf6 25.Nxh7+ Kg7 26.Nxf8 Kxf8 27.Qb3 Bc8 28.Kg2 
Kg7 29.Bd3 Qa1 30.e3 Bg4 31.Qb1 Qc3 32.h3 Bd7 33.b5 f5 34.Qc2 Qxc2 35.Bxc2
e4 36.f3 exf3+ 37.Kxf3 Kf6 38.h4 Ke5 39.e4 fxe4+ 40.Bxe4 Be8 41.Bb1 Bf7 
42.Bd3 Kd4 43.Bf1 Ke5 44.Kg4 Kf6 45.Kf4 Be8 46.Bh3 Bf7 47.Be6 Be8 48.g4 
g5+ 49.hxg5+ Kg6 50.Bf5+ Kg7 51.g6 Kf6 52.g5+ Kg7 53.Kg4 Kg8 54.Be6+ Kg7 
55.Bf7 Bd7+ 56.Be6 Be8 57.Bf5 Kg8 58.Kh5 Kg7 59.Kh4 Kg8 60.Kg4 Kf8 61.Kf4 
Kg7 62.Bd3 Bd7 63.Ke3 Bc8 64.Kd4 Bd7 65.Kc3 Bc8 66.c5 dxc5 67.Kc4 Bd7 68.
Be4 Be8 69.d6 cxd6 70.Bc6 Bxg6 71.Kd5 Bd3 72.Kxd6 c4 73.Bd5 c3 74.Bb3 c2 
75.Bxc2 Bxc2 76.Kc6 Bd3 77.Kxb6 1/2-1/2

[Event "zonal 1.4 (w)"]
[Site "Ostrava CZE"]
[Date "1999.05.25"]
[Round "4"]
[White "Lakos, Nikoletta"]
[Black "Brustman, Agnieszka"]
[Result "1/2-1/2"]
[WhiteElo "2350"]
[BlackElo "2379"]
[EventDate "1999.05.22"]
[PlyCount "54"]

1.e4 e6 2.d4 d5 3.Nd2 c5 4.exd5 exd5 5.Ngf3 Nc6 6.Bb5 Bd6 7.dxc5 Bxc5 8.
O-O Ne7 9.Nb3 Bd6 10.Bg5 O-O 11.Bh4 Qb6 12.a4 Bg4 13.Bg3 Bxg3 14.hxg3 Rfd8
15.Be2 a5 16.Nfd4 Bxe2 17.Nxe2 d4 18.Re1 Ng6 19.Nec1 Nge5 20.Nd3 Nxd3 21.
cxd3 Re8 22.Qc2 Rec8 23.Rac1 h6 24.Nd2 Qb4 25.Nc4 Re8 26.Kf1 Rad8 27.Ra1 
Kf8 1/2-1/2

[Event "zonal 1.4 (w)"]
[Site "Ostrava CZE"]
[Date "1999.05.25"]
[Round "4"]
[White "Madl, Ildiko"]
[Black "Grabics, Monika"]
[Result "1-0"]
[WhiteElo "2409"]
[BlackElo "2310"]
[EventDate "1999.05.22"]
[PlyCount "87"]

1.e4 c5 2.Nf3 Nc6 3.d4 cxd4 4.Nxd4 Nf6 5.Nc3 d6 6.Bc4 e6 7.Be3 a6 8.Bb3 
Na5 9.f4 Qc7 10.f5 Nxb3 11.axb3 Be7 12.Qf3 O-O 13.g4 d5 14.exd5 Bb4 15.
O-O-O Bxc3 16.d6 Qa5 17.bxc3 Nd5 18.Ne2 Nxe3 19.Qxe3 exf5 20.Kb2 Bd7 21.
Nf4 Rfe8 22.Qd2 Qc5 23.gxf5 Bxf5 24.Rhg1 Bg6 25.Nxg6 hxg6 26.d7 Red8 27.
Rg5 Qe7 28.h4 a5 29.Qd4 Ra6 30.Rc5 a4 31.Rc8 axb3 32.Rxd8+ Qxd8 33.cxb3 
Kh7 34.h5 gxh5 35.Qe4+ g6 36.Qe8 Qa5 37.Qxf7+ Kh6 38.Qf8+ Kh7 39.Qe7+ Kh6 
40.Qe3+ Kh7 41.d8=Q Qa2+ 42.Kc1 Qa3+ 43.Kc2 Qa2+ 44.Kd3 1-0

[Event "zonal 1.4 (w)"]
[Site "Ostrava CZE"]
[Date "1999.05.25"]
[Round "4"]
[White "Foisor, Cristina"]
[Black "Zielinska, Marta"]
[Result "1/2-1/2"]
[WhiteElo "2370"]
[BlackElo "2327"]
[EventDate "1999.05.22"]
[PlyCount "63"]

1.Nf3 Nf6 2.g3 g6 3.Bg2 Bg7 4.O-O O-O 5.d4 d6 6.a4 Nc6 7.a5 Rb8 8.c3 e6 9.
Nbd2 Ne7 10.e4 d5 11.Qe2 b6 12.Re1 dxe4 13.Nxe4 Nxe4 14.Qxe4 Bb7 15.Qe2 
Qc8 16.a6 Bd5 17.Bf4 b5 18.Bg5 Re8 19.Bxe7 Rxe7 20.Ne5 Rb6 21.Nxg6 hxg6 
22.Bxd5 c6 23.Bb3 Rxa6 24.Rxa6 Qxa6 25.h4 Qb6 26.h5 gxh5 27.Qxh5 b4 28.Bc2
Qb5 29.Qh4 Re8 30.Ra1 a5 31.Qe4 Rc8 32.Bd3 1/2-1/2

[Event "zonal 1.4 (w)"]
[Site "Ostrava CZE"]
[Date "1999.05.25"]
[Round "4"]
[White "Hagarova, Zuzana"]
[Black "Radziewicz, Iweta"]
[Result "1-0"]
[WhiteElo "2297"]
[BlackElo "2384"]
[EventDate "1999.05.22"]
[PlyCount "65"]

1.e4 e6 2.d4 d5 3.Nd2 Bd7 4.Ngf3 dxe4 5.Nxe4 Bc6 6.Bd3 Nd7 7.O-O Be7 8.Re1
Ngf6 9.Neg5 h6 10.Nh3 Bxf3 11.Qxf3 c6 12.Nf4 Qa5 13.c3 g5 14.Nh5 Qd5 15.
Nxf6+ Nxf6 16.Qe2 O-O-O 17.b4 Kb8 18.b5 cxb5 19.Bxb5 Rc8 20.c4 Qxd4 21.Bb2
Qg4 22.Be5+ Ka8 23.Qb2 Qf5 24.Ba6 b6 25.a4 Rc6 26.a5 Rb8 27.Bb5 Rc5 28.
Bxb8 Kxb8 29.axb6 axb6 30.Qa2 Ng4 31.Qa8+ Kc7 32.Ra7+ Kd6 33.Rd7# 1-0

[Event "zonal 1.4 (w)"]
[Site "Ostrava CZE"]
[Date "1999.05.25"]
[Round "4"]
[White "Vajda, Szidonia"]
[Black "Velcheva, Maria"]
[Result "1/2-1/2"]
[WhiteElo "2340"]
[BlackElo "2283"]
[EventDate "1999.05.22"]
[PlyCount "71"]

1.e4 c5 2.Nf3 e6 3.c3 d5 4.exd5 exd5 5.d4 Nc6 6.Be3 c4 7.b3 cxb3 8.axb3 
Bd6 9.Bd3 Nge7 10.Qc2 Bg4 11.Nbd2 Rc8 12.Qb1 Bh5 13.b4 a6 14.b5 axb5 15.
Qxb5 Qd7 16.O-O O-O 17.Rfb1 Rc7 18.c4 Bxf3 19.Nxf3 dxc4 20.Bxc4 h6 21.d5 
Ne5 22.Nxe5 Qxb5 23.Rxb5 Bxe5 24.Ra4 Rfc8 25.Bf1 Rd7 26.Re4 Bf6 27.d6 Rxd6
28.Rxb7 Nf5 29.g3 Rd1 30.Kg2 Nxe3+ 31.Rxe3 Rd2 32.Bd3 Kf8 33.Rf3 Rd8 34.
Bf5 Rb2 35.Rxb2 Bxb2 36.Rd3 1/2-1/2

[Event "zonal 1.4 (w)"]
[Site "Ostrava CZE"]
[Date "1999.05.25"]
[Round "4"]
[White "Cosma, Elena-Luminita"]
[Black "Jicman, Ligia-Letitia"]
[Result "1-0"]
[WhiteElo "2365"]
[BlackElo "2236"]
[EventDate "1999.05.22"]
[PlyCount "115"]

1.d4 d5 2.c4 c6 3.cxd5 cxd5 4.Bf4 Nc6 5.Nc3 Nf6 6.e3 a6 7.Bd3 e6 8.Rc1 Be7
9.Nf3 Nh5 10.Bg3 Nxg3 11.hxg3 g6 12.O-O Bf6 13.Na4 O-O 14.Be2 Qa5 15.Qb3 
Qb4 16.Qxb4 Nxb4 17.Nb6 Rb8 18.a3 Nc6 19.Rc2 Rd8 20.Rfc1 Bd7 21.Nxd7 Rxd7 
22.Bxa6 bxa6 23.Rxc6 Rxb2 24.Rxa6 Rdb7 25.g4 Be7 26.g5 Kg7 27.Ra8 Rb1 28.
Rxb1 Rxb1+ 29.Kh2 h6 30.gxh6+ Kxh6 31.g3 Ra1 32.Ra7 Bxa3 33.Rxf7 Ra2 34.
Kg2 Bc1 35.Ne5 Rc2 36.Rf6 Ra2 37.Rxe6 Kh7 38.Nd3 Bd2 39.Kf3 Bc3 40.g4 Kg7 
41.g5 Ra3 42.Nf4 Bxd4 43.Rxg6+ Kf7 44.Rd6 Ba1 45.Rxd5 Ra2 46.Rd7+ Kg8 47.
g6 Rc2 48.Ne6 Rc8 49.Ke4 Bf6 50.Kf5 Bh4 51.f4 Ra8 52.Rg7+ Kh8 53.Rh7+ Kg8 
54.Rxh4 Ra5+ 55.Kf6 Rf5+ 56.Ke7 Rh5 57.Rg4 Ra5 58.Rg1 1-0

[Event "zonal 1.4 (w)"]
[Site "Ostrava CZE"]
[Date "1999.05.25"]
[Round "4"]
[White "Sikorova, Olga"]
[Black "Saljova, Silvie"]
[Result "1/2-1/2"]
[WhiteElo "2216"]
[BlackElo "2212"]
[EventDate "1999.05.22"]
[PlyCount "24"]

1.c4 c6 2.d4 d5 3.cxd5 cxd5 4.Nc3 Nc6 5.Nf3 Nf6 6.Bf4 Bf5 7.e3 e6 8.Bd3 
Bxd3 9.Qxd3 Bd6 10.Bxd6 Qxd6 11.O-O O-O 12.Rfc1 Rfc8 1/2-1/2

[Event "zonal 1.4 (w)"]
[Site "Ostrava CZE"]
[Date "1999.05.25"]
[Round "4"]
[White "Jackova, Jana"]
[Black "Pokorna, Regina"]
[Result "0-1"]
[WhiteElo "2202"]
[BlackElo "2196"]
[EventDate "1999.05.22"]
[PlyCount "76"]

1.e4 e5 2.Nf3 Nc6 3.Bc4 Bc5 4.c3 d6 5.d3 Nf6 6.Nbd2 O-O 7.h3 a6 8.Bb3 b5 
9.Nf1 d5 10.Qe2 d4 11.Ng3 a5 12.a4 dxc3 13.bxc3 b4 14.Bb2 Ba6 15.Bc4 Bxc4 
16.dxc4 bxc3 17.Bxc3 Bd4 18.Bxd4 Nxd4 19.Nxd4 Qxd4 20.O-O Rab8 21.Rab1 Rb4
22.Rxb4 axb4 23.Qc2 h6 24.Rb1 Rb8 25.Nf5 Qxe4 26.Ne7+ Kh7 27.Qxe4+ Nxe4 
28.Nc6 Rb6 29.Nxe5 Nc3 30.a5 Re6 31.Rxb4 Rxe5 32.Rb3 Ne2+ 33.Kf1 Nd4 34.
Ra3 Nc2 35.f4 Nxa3 36.fxe5 Nxc4 37.a6 Kg6 38.Ke2 Kf5 0-1

[Event "zonal 1.4 (w)"]
[Site "Ostrava CZE"]
[Date "1999.05.25"]
[Round "4"]
[White "Goczo, Melinda"]
[Black "Cedikova, Katerina"]
[Result "1/2-1/2"]
[WhiteElo "2191"]
[BlackElo "2082"]
[EventDate "1999.05.22"]
[PlyCount "81"]

1.d4 Nf6 2.Nf3 g6 3.c4 Bg7 4.g3 O-O 5.Bg2 d6 6.O-O Nc6 7.d5 Na5 8.Nfd2 c5 
9.Nc3 a6 10.Qc2 Rb8 11.b3 b5 12.Rb1 Qc7 13.h3 e5 14.dxe6 Bxe6 15.Nd5 Nxd5 
16.cxd5 Bd7 17.Bb2 Rbe8 18.Bxg7 Kxg7 19.Qc3+ f6 20.Rfe1 Nb7 21.Rbc1 Qc8 
22.Kh2 Qd8 23.e4 Kg8 24.f4 Qe7 25.Nf3 Qg7 26.Re3 Re7 27.Rce1 Rfe8 28.R1e2 
b4 29.Qd2 Bb5 30.Re1 h6 31.e5 fxe5 32.fxe5 dxe5 33.d6 Re6 34.Qd5 Kh7 35.
Nxe5 Nxd6 36.Qxc5 Nf5 37.Re4 Nd6 38.R4e3 Nf5 39.Re4 Nd6 40.R4e3 Nf5 41.Re4
1/2-1/2

[Event "zonal 1.4 (w)"]
[Site "Ostrava CZE"]
[Date "1999.05.25"]
[Round "4"]
[White "Ciganikova, Andrea"]
[Black "Dojkova, Galina"]
[Result "1-0"]
[WhiteElo "2139"]
[BlackElo "2131"]
[EventDate "1999.05.22"]
[PlyCount "119"]

1.e4 e6 2.d4 d5 3.Nd2 Nf6 4.e5 Nfd7 5.Bd3 c5 6.c3 Nc6 7.Ne2 cxd4 8.cxd4 f6
9.exf6 Nxf6 10.Nf3 Bd6 11.O-O Qc7 12.Nc3 a6 13.Bg5 O-O 14.Bh4 Nh5 15.Rc1 
g6 16.Na4 Bd7 17.Nc5 Rae8 18.Re1 Bc8 19.Bb1 Qb6 20.b3 Kh8 21.Na4 Qb4 22.
Nb2 Qb6 23.Na4 Qb4 24.Nc3 Ng7 25.Bg3 Bf4 26.Bxf4 Rxf4 27.Ne2 Rf7 28.Ne5 
Nxe5 29.dxe5 Nf5 30.Bxf5 Rxf5 31.Qd4 Qxd4 32.Nxd4 Rf4 33.Rcd1 Bd7 34.g3 
Rff8 35.Rc1 Rc8 36.f3 Kg7 37.Kf2 Kf7 38.Ke3 Ke7 39.h4 Rxc1 40.Rxc1 Rc8 41.
Rxc8 Bxc8 42.g4 h6 43.Ne2 Bd7 44.b4 b6 45.Nc3 Kd8 46.Kd4 Kc7 47.Ne2 Be8 
48.Ke3 Kd7 49.Nd4 Bf7 50.a4 Be8 51.a5 bxa5 52.bxa5 Bf7 53.Kd3 Kc7 54.Kc3 
Bg8 55.Kb4 Bf7 56.Kc5 Bg8 57.Nc6 Bf7 58.Nb4 Kb7 59.Kd6 Bg8 60.g5 1-0

[Event "zonal 1.4 (w)"]
[Site "Ostrava CZE"]
[Date "1999.05.26"]
[Round "5"]
[White "Madl, Ildiko"]
[Black "Foisor, Cristina"]
[Result "1/2-1/2"]
[WhiteElo "2409"]
[BlackElo "2370"]
[EventDate "1999.05.22"]
[PlyCount "88"]

1.e4 e5 2.Nf3 Nc6 3.Bb5 a6 4.Ba4 Nf6 5.O-O Be7 6.Qe2 b5 7.Bb3 d6 8.c3 O-O 
9.Rd1 Na5 10.Bc2 c5 11.d4 Qc7 12.d5 Bg4 13.Nbd2 c4 14.h3 Bh5 15.Nf1 Nb7 
16.Ng3 Bg6 17.Nh4 Nc5 18.Nhf5 Bd8 19.b4 cxb3 20.axb3 Qb8 21.Be3 Kh8 22.
Bxc5 dxc5 23.c4 b4 24.Qe3 Nd7 25.Rd3 a5 26.d6 Ra6 27.Rad1 f6 28.Qf3 Qa7 
29.Qg4 Bxf5 30.Nxf5 Rf7 31.Ne7 g6 32.h4 Nf8 33.Qc8 Qa8 34.Qxc5 Ne6 35.Qb5 
Bxe7 36.dxe7 Rxe7 37.Rd6 Rxd6 38.Rxd6 Nd4 39.Qb6 Qa7 40.Qd8+ Kg7 41.Bd1 
Qc7 42.Qxc7 Rxc7 43.Ra6 Rc5 44.Ra7+ Kg8 1/2-1/2

[Event "zonal 1.4 (w)"]
[Site "Ostrava CZE"]
[Date "1999.05.26"]
[Round "5"]
[White "Zielinska, Marta"]
[Black "Peptan, Corina-Isabela"]
[Result "0-1"]
[WhiteElo "2327"]
[BlackElo "2427"]
[EventDate "1999.05.22"]
[PlyCount "34"]

1.Nf3 c5 2.c4 Nc6 3.d4 cxd4 4.Nxd4 Nf6 5.Nc3 Qb6 6.Nc2 e6 7.a3 Be7 8.e4 
O-O 9.Be2 Qc7 10.O-O b6 11.b3 Bb7 12.Ne3 Bd6 13.Qd3 Bxh2+ 14.Kh1 Be5 15.
Ned1 Nd4 16.f4 Nxe2 17.Qxe2 Nxe4 0-1

[Event "zonal 1.4 (w)"]
[Site "Ostrava CZE"]
[Date "1999.05.26"]
[Round "5"]
[White "Velcheva, Maria"]
[Black "Bobrowska, Monika"]
[Result "0-1"]
[WhiteElo "2283"]
[BlackElo "2440"]
[EventDate "1999.05.22"]
[PlyCount "62"]

1.e4 e6 2.d4 d5 3.Nc3 Bb4 4.Qg4 Nf6 5.Qxg7 Rg8 6.Qh6 Rg6 7.Qe3 c5 8.a3 Ba5
9.Bd2 Ng4 10.Qd3 cxd4 11.Qxd4 e5 12.Qd3 Bxc3 13.Bxc3 d4 14.Bd2 b6 15.h3 
Nf6 16.g4 Nbd7 17.b4 Bb7 18.f3 a5 19.Rb1 Ba6 20.c4 dxc3 21.Qxc3 Nxe4 22.
fxe4 Qh4+ 23.Kd1 Bxf1 24.Nf3 Qf2 25.Nxe5 Rd6 26.Nxd7 Kxd7 27.Rxf1 Qxf1+ 
28.Kc2 Qe2 29.Re1 Qg2 30.e5 Rc6 31.e6+ fxe6 0-1

[Event "zonal 1.4 (w)"]
[Site "Ostrava CZE"]
[Date "1999.05.26"]
[Round "5"]
[White "Voiska, Margarita"]
[Black "Vajda, Szidonia"]
[Result "1/2-1/2"]
[WhiteElo "2364"]
[BlackElo "2340"]
[EventDate "1999.05.22"]
[PlyCount "55"]

1.g3 c5 2.e4 Nc6 3.Bg2 g6 4.Nf3 Bg7 5.O-O e6 6.c3 d5 7.exd5 exd5 8.d4 cxd4
9.Nxd4 Nxd4 10.cxd4 Ne7 11.Nc3 O-O 12.Bg5 Be6 13.Re1 Re8 14.Qa4 h6 15.Bf4 
Qb6 16.Qb5 Nf5 17.Be5 Nxd4 18.Qxb6 axb6 19.Bxg7 Kxg7 20.Rad1 Nc2 21.Re2 d4
22.Rxc2 dxc3 23.bxc3 Bxa2 24.Bxb7 Bb3 25.Bxa8 Rxa8 26.Rdc1 Bxc2 27.Rxc2 
Rc8 28.Rb2 1/2-1/2

[Event "zonal 1.4 (w)"]
[Site "Ostrava CZE"]
[Date "1999.05.26"]
[Round "5"]
[White "Dworakowska, Joanna"]
[Black "Hagarova, Zuzana"]
[Result "1/2-1/2"]
[WhiteElo "2323"]
[BlackElo "2297"]
[EventDate "1999.05.22"]
[PlyCount "41"]

1.e4 c5 2.Nf3 Nc6 3.d4 cxd4 4.Nxd4 g6 5.c4 Bg7 6.Be3 Nf6 7.Nc3 O-O 8.Be2 
d6 9.Qd2 Bd7 10.f3 Nxd4 11.Bxd4 a5 12.O-O Bc6 13.Rfd1 Nd7 14.Be3 a4 15.
Rac1 Nc5 16.Bf1 Qa5 17.Nd5 Bxd5 18.exd5 Qxd2 19.Rxd2 Rfc8 20.Rb1 Kf8 21.
Be2 1/2-1/2

[Event "zonal 1.4 (w)"]
[Site "Ostrava CZE"]
[Date "1999.05.26"]
[Round "5"]
[White "Brustman, Agnieszka"]
[Black "Sikorova, Olga"]
[Result "1/2-1/2"]
[WhiteElo "2379"]
[BlackElo "2216"]
[EventDate "1999.05.22"]
[PlyCount "128"]

1.e4 d5 2.exd5 Nf6 3.d4 Nxd5 4.Be2 Nc6 5.Nf3 Bg4 6.O-O e6 7.c3 Bd6 8.Bg5 
Be7 9.Bxe7 Qxe7 10.Nbd2 O-O 11.Bb5 Rfd8 12.Qa4 Bxf3 13.Nxf3 Nb6 14.Qc2 Rd6
15.Qe4 Nd7 16.Rfe1 Rd8 17.Bd3 Nf6 18.Qh4 Rd5 19.Bc2 Qd6 20.Ng5 h6 21.Ne4 
Nxe4 22.Qxe4 g6 23.Bb3 Rh5 24.h3 Na5 25.Bd1 Rg5 26.Bf3 b6 27.b3 Rb8 28.c4 
Nb7 29.Rad1 Qd8 30.Qe3 Nd6 31.Qf4 Kg7 32.Kh1 Rf5 33.Qe3 Qf6 34.Re2 Re8 35.
Bg4 Rg5 36.Qd2 h5 37.Bf3 Rf5 38.Kg1 Rf4 39.Qc3 Nf5 40.Bc6 Re7 41.Re4 Rxe4 
42.Bxe4 c5 43.Bxf5 exf5 44.Qa1 cxd4 45.Qxd4 Qxd4 46.Rxd4 Re1+ 47.Kh2 Re2 
48.f3 Rxa2 49.Rd7 f4 50.h4 Ra3 51.Rb7 Kf6 52.b4 Ra4 53.c5 Rxb4 54.c6 Rc4 
55.c7 Ke6 56.Rxa7 Rc6 57.Rb7 Kd7 58.c8=Q+ Kxc8 59.Rxf7 b5 60.Rxf4 Rb6 61.
Rb4 Kc7 62.g4 Kc6 63.Kg3 Kc5 64.Rb1 hxg4 1/2-1/2

[Event "zonal 1.4 (w)"]
[Site "Ostrava CZE"]
[Date "1999.05.26"]
[Round "5"]
[White "Grabics, Monika"]
[Black "Pokorna, Regina"]
[Result "1-0"]
[WhiteElo "2310"]
[BlackElo "2196"]
[EventDate "1999.05.22"]
[PlyCount "87"]

1.e4 e5 2.Nf3 Nc6 3.Nc3 Nf6 4.d4 exd4 5.Nxd4 Bb4 6.Nxc6 bxc6 7.Bd3 d5 8.
exd5 cxd5 9.O-O O-O 10.Bg5 c6 11.Na4 h6 12.Bh4 Re8 13.c3 Bd6 14.Re1 Rxe1+ 
15.Qxe1 Be6 16.Bg3 Bxg3 17.hxg3 Qa5 18.Bc2 c5 19.b4 cxb4 20.cxb4 Qc7 21.
Nc5 Re8 22.Rc1 Bf5 23.Qd2 Bxc2 24.Qxc2 Qe5 25.Nd3 Qf5 26.a4 Ng4 27.f3 Ne3 
28.Qc6 Rd8 29.Nf4 Qg5 30.Qc7 Re8 31.Qd7 Rd8 32.Rc8 Rxc8 33.Qxc8+ Kh7 34.
Qe8 Nc2 35.Qxf7 Nxb4 36.Ne6 Qf6 37.Nf8+ Kh8 38.Qe8 Qc6 39.Ng6+ Kh7 40.Nf8+
Kh8 41.Nd7+ Kh7 42.f4 Qc2 43.Nf8+ Kh8 44.Ng6+ 1-0

[Event "zonal 1.4 (w)"]
[Site "Ostrava CZE"]
[Date "1999.05.26"]
[Round "5"]
[White "Dojkova, Galina"]
[Black "Jackova, Jana"]
[Result "0-1"]
[WhiteElo "2131"]
[BlackElo "2202"]
[EventDate "1999.05.22"]
[PlyCount "68"]

1.e4 e5 2.Nf3 Nc6 3.Bc4 Bc5 4.c3 Nf6 5.d3 d6 6.Nbd2 a6 7.Bb3 O-O 8.h3 Ba7 
9.Nf1 Be6 10.Ng3 h6 11.O-O Re8 12.Nh2 Ne7 13.Ng4 Ng6 14.Qf3 Nxg4 15.hxg4 
Nh4 16.Qe2 d5 17.Nf5 b5 18.g3 Ng6 19.Kg2 Qd7 20.Rh1 Rad8 21.Be3 c5 22.Rad1
Qb7 23.Bxh6 dxe4 24.dxe4 Bxb3 25.Rxd8 Rxd8 26.Bxg7 Be6 27.Bf6 Qb6 28.Qe3 
Bxf5 29.gxf5 Qxf6 30.fxg6 Qxg6 31.Rh6 Qg7 32.Rxa6 f6 33.Qe2 c4 34.Qf3 Rd2 
0-1